Wszystkie pierwiastki chemiczne po symbolu - Statystyki

Ogólne statystyki
  • Ten quiz został rozwiązany 104 razy
  • Średni wynik to 65 z 118
Statystyki odpowiedzi
Symbol Odpowiedź % Poprawnych
Br Brom
88%
N Azot
86%
Ba Bar
83%
Mg Magnez
83%
Zn Cynk
81%
I Jod
81%
Cl Chlor
80%
K Potas
80%
Sn Cyna
77%
F Fluor
77%
Al Glin
77%
He Hel
77%
Li Lit
77%
Hg Rtęć
77%
P Fosfor
75%
Cu Miedź
75%
Pb Ołów
75%
Be Beryl
73%
Cr Chrom
73%
Ga Gal
73%
Mn Mangan
73%
Ag Srebro
73%
Ar Argon
72%
B Bor
72%
Ge German
72%
Si Krzem
72%
Xe Ksenon
72%
C Węgiel
72%
Fe Żelazo
72%
Ni Nikiel
70%
S Siarka
70%
H Wodór
70%
Au Złoto
70%
Bi Bizmut
69%
Kr Krypton
69%
Na Sód
69%
Eu Europ
67%
Co Kobalt
67%
O Tlen
67%
Ca Wapń
67%
Am Ameryk
66%
As Arsen
66%
Cs Cez
64%
In Ind
64%
Ra Rad
64%
Se Selen
64%
Ac Aktyn
63%
Fr Frans
63%
La Lantan
63%
Ir Iryd
61%
Y Itr
61%
Cd Kadm
61%
Mo Molibden
61%
Sb Antymon
59%
U Uran
59%
Os Osm
58%
Po Polon
58%
At Astat
56%
Es Einstein
56%
Ne Neon
56%
Sc Skand
56%
Zr Cyrkon
55%
Np Neptun
55%
Nb Niob
55%
Bk Berkel
53%
V Wanad
53%
Rb Rubid
52%
Ti Tytan
52%
Bh Bohr
50%
Pd Pallad
50%
Sr Stront
50%
Ce Cer
48%
Er Erb
48%
Fm Ferm
48%
Lu Lutet
48%
Pt Platyna
48%
Te Tellur
48%
Hf Hafn
47%
Lr Lorens
47%
Tl Tal
47%
Gd Gadolin
45%
Hs Has
44%
Yb Iterb
44%
Cf Kaliforn
44%
W Wolfram
44%
Re Ren
42%
Tc Technet
42%
Th Tor
42%
Db Dubn
41%
Og Oganeson
41%
Dy Dysproz
39%
No Nobel
39%
Rn Radon
39%
Ta Tantal
39%
Ds Darmsztadt
38%
Cn Kopernik
38%
Lv Liwermor
38%
Pu Pluton
38%
Pr Prazeodym
38%
Ho Holm
36%
Md Mendelew
36%
Cm Kiur
34%
Rg Roentgen
34%
Ru Ruten
34%
Mt Meitner
33%
Pm Promet
33%
Rh Rod
33%
Fl Flerow
31%
Mc Moskow
31%
Nh Nihon
31%
Sg Seaborg
31%
Nd Neodym
30%
Tb Terb
28%
Sm Samar
27%
Pa Protaktyn
22%
Ts Tenes
22%
Tm Tul
16%
Rf Ruterford
13%
Nie znaleziono quizów pasujących do podanych kryteriów
Rozkład punktacji
Procent ludzi z każdym wynikiem
Percentyl według liczby udzielonych odpowiedzi
Twoja historia wyników
Nie rozwiązałeś tego quizu